Statistiques concernant 10 plus grandes villes de l'Aisne

Cliquez ici pour prendre le quiz!

Statistiques générales

  • Ce quiz a été pris 69 fois
  • Le résultat moyen est 5 sur 10

Statistiques - réponses

PopulationVille% Correct
53 100Saint-Quentin
95%
24 091Laon
93%
28 888Soissons
84%
15 306Château-Thierry
72%
8 685Hirson
47%
11 438Chauny
45%
13 504Tergnier
40%
10 392Villers-Cotterêts
33%
5 703Bohain-en-Vermandois
19%
5 216Gauchy
17%

Distribution des résultats

Percentile par nombre de réponses

% des personnes avec chaque résultat

Votre développement - résultats

Vous n’avez pas pris ce quiz